|
|
|
|
| LEADER |
00000cab a2200000 a 4500 |
| 001 |
031967 |
| 003 |
UAHC_CL |
| 005 |
20170803123425.0 |
| 008 |
040412b xx j 000 1 spa |
| 040 |
|
|
|a UAHC_CL
|c UAHC_CL
|d UAHC_CL
|
| 100 |
1 |
|
|a Pol, Enric
|
| 245 |
1 |
0 |
|a Supuestos de cambio de actitud y conductas usados en las campañas de publicidad y los programas de promoción ambiental. El modelo de las 4 esferas /
|c Enric Pol, Tomeu Vidal, Marina Romeo.
|
| 300 |
|
|
|a pp. 57-72
|
| 500 |
|
|
|a Estudios de Psicología (España), 2001. Vol 22 (1). pp. 111-125
|
| 500 |
|
|
|a Estudios de Psicología (España), 2001. Vol 22 (1). pp. 111-125
|
| 520 |
|
|
|a En este artículo se resume el seguimiento y evaluación de 66 programas y campañas publicitarias de promoción ambiental. De una primera revisión de las campañas y programas en función de una revisión teórica previa se extrajeron 10 supuestos primarios de estrategias de cambio de actitud y comportamiento que se aplicaron como criterio de análisis. Posteriormente estos 10 supuestos se recategorizaron en cuatro ámbitos estratégicos, que llamamos modelo de las 4 esferas, que se volvió a aplicar a la muestra estudiada. Los resultados muestran que con el tiempo se ha evolucionado desde supuestos basados casi exclusivamente en estrategias informativas orientadas a la dimensión cognitiva y de racionalidad de la persona, hacia estrategias mas sofisticadas orientadas a la dimensión emocional de la persona. Destaca una baja utilización de estrategias centradas en la dimensión de la funcionalidad, connativa o de creación de escenarios u oportunidades de comportamiento, así como un bajo recurso a los mecanismos de influencia social.
|
| 520 |
|
|
|a En este artículo se resume el seguimiento y evaluación de 66 programas y campañas publicitarias de promoción ambiental. De una primera revisión de las campañas y programas en función de una revisión teórica previa se extrajeron 10 supuestos primarios de estrategias de cambio de actitud y comportamiento que se aplicaron como criterio de análisis. Posteriormente estos 10 supuestos se recategorizaron en cuatro ámbitos estratégicos, que llamamos modelo de las 4 esferas, que se volvió a aplicar a la muestra estudiada. Los resultados muestran que con el tiempo se ha evolucionado desde supuestos basados casi exclusivamente en estrategias informativas orientadas a la dimensión cognitiva y de racionalidad de la persona, hacia estrategias mas sofisticadas orientadas a la dimensión emocional de la persona. Destaca una baja utilización de estrategias centradas en la dimensión de la funcionalidad, connativa o de creación de escenarios u oportunidades de comportamiento, así como un bajo recurso a los mecanismos de influencia social.
|
| 700 |
1 |
|
|a Vidal, Tomeu
|
| 700 |
1 |
|
|a Romeo, Marina
|
| 759 |
|
|
|a PP066
|
| 773 |
0 |
|
|t Estudios de psicología.
|w 031866
|
| 900 |
|
|
|a ESTUD. PSICOL.-22(01)/01
|
| 942 |
|
|
|c REVA
|
| 952 |
|
|
|0 0
|1 0
|4 0
|6 ESTUD___PSICOL_2201_01_000000000000000
|7 0
|8 General
|9 62116
|a BC
|b BC
|c General
|d 2017-08-03
|l 0
|o ESTUD. PSICOL.-22(01)/01
|p FICTICIO2731
|r 2019-01-08 00:00:00
|t 1
|w 2017-08-03
|y REVA
|
| 999 |
|
|
|c 31967
|d 31967
|